Statistics for Mississippi Trivia

Click here to take the quiz!

General Stats

  • This quiz has been taken 3,224 times
  • The average score is 10 of 15

Answer Stats

Hint Answer % Correct
U.S. states that border MississippiAlabama
97%
U.S. states that border MississippiLouisiana
95%
U.S. states that border MississippiArkansas
92%
U.S. states that border MississippiTennessee
91%
Hurricane that killed 238 people in the state in 2005Katrina
88%
State capitalJackson
87%
This crop was "king" in Mississippi prior to the Civil WarCotton
85%
As of 2010, this group comprised 37% of Mississippi's population,
more than in any other state
African-Americans
76%
Name one of the three most populous cities on Mississippi's Gulf CoastGulfport, Biloxi, or
Pascagoula
53%
State nickname (Hint: a flower)The {Magnolia} State
52%
City where Elvis was born in 1935Tupelo
49%
During the Civil War, Grant's capture of this city allowed the North to control
the entire length of the Mississippi River
Vicksburg
37%
Style of blues music that originated in Mississippi{Delta} Blues
36%
TV host born in Kosciusko in 1954Oprah Winfrey
27%
Singer born in McComb in 1981Britney Spears
19%

Score Distribution

Percentile by Number Answered

Percent of People with Each Score

Your Score History

You have not taken this quiz